[Event "Ontario op"]
[Site "Toronto CAN"]
[Date "2022.05.23"]
[Round "5.6"]
[White "Chiku-Ratte, Olivier-Kenta"]
[Black "Li, William"]
[Result "1/2-1/2"]
[WhiteElo "2468"]
[BlackElo "2275"]
[PlyCount "263"]
[EventDate "2022.05.21"]
[EventType "swiss"]
[EventRounds "6"]
[EventCountry "CAN"]

1. d4 Nf6 2. c4 e6 3. Nf3 b6 4. g3 Ba6 5. Qc2 Bb7 6. Bg2 c5 7. d5 exd5 8. cxd5
Nxd5 9. O-O Nb4 10. Qf5 Qe7 11. Nc3 g6 12. Qh3 Bg7 13. Nb5 N8a6 14. Bf4 Bc6 15.
Nd6+ Kf8 16. Ng5 f6 17. Ngf7 Rg8 18. Nh6 Rh8 19. Ndf7 Qe6 20. Nxh8 Bxh8 21.
Rad1 Qxh3 22. Bxh3 d5 23. e4 Bb5 24. exd5 Rd8 25. d6 Bxf1 26. Bxf1 Nb8 27. Bc4
Bg7 28. Nf7 Rd7 29. Be6 Rb7 30. Nd8 Rd7 31. Bxd7 Nxd7 32. a3 Nc2 33. Ne6+ Kf7
34. Nxg7 Kxg7 35. b4 cxb4 36. axb4 Nxb4 37. Rc1 Kf7 38. Rc7 Ke6 39. Rxa7 Nd5
40. Bc1 Kxd6 41. Ra8 b5 42. Rh8 h5 43. Bb2 Ke6 44. Kf1 N5b6 45. Bd4 Nc4 46. Ke2
Nd6 47. Ra8 Kd5 48. Bb2 Nc4 49. Bc3 Ke6 50. Ra6+ Kf5 51. f3 g5 52. Ra7 Nde5 53.
Bxe5 Nxe5 54. Rb7 g4 55. fxg4+ Kxg4 56. Rxb5 Kh3 57. Ke3 Kxh2 58. Kf4 Nd3+ 59.
Kf5 Nf2 60. Rb3 Nh1 61. Kf4 Kg2 62. Rc3 Kh2 63. Rd3 Kg2 64. Rf3 Kh2 65. Ra3 Kg2
66. Ra2+ Kh3 67. Ra3 Kg2 68. g4 hxg4 69. Kxg4 Nf2+ 70. Kf5 Nh3 71. Rb3 Nf2 72.
Ra3 Nh3 73. Kg4 Nf2+ 74. Kf4 Nh3+ 75. Ke3 Kg3 76. Ra6 Nf2 77. Ra2 Ng4+ 78. Ke4
Nf2+ 79. Kf5 Kf3 80. Kxf6 Ke3 81. Kf5 Nd3 82. Ra3 Kd4 83. Ra4+ Kc3 84. Rh4 Kd2
85. Ke4 Nf2+ 86. Kf3 Nd3 87. Rh8 Ne1+ 88. Ke4 Nc2 89. Rc8 Ne1 90. Rc4 Ke2 91.
Ra4 Kd2 92. Ra3 Nc2 93. Rh3 Ne1 94. Rg3 Nc2 95. Rd3+ Kc1 96. Rd8 Kb2 97. Kd3
Nb4+ 98. Kc4 Nc2 99. Rd2 Kc1 100. Kc3 Ne3 101. Kd3 Nd1 102. Rh2 Nb2+ 103. Kc3
Nd1+ 104. Kb3 Ne3 105. Rf2 Kd1 106. Kc3 Ke1 107. Rh2 Nd1+ 108. Kd3 Nf2+ 109.
Ke3 Nd1+ 110. Kf3 Nc3 111. Rc2 Nd1 112. Re2+ Kf1 113. Re8 Nf2 114. Rh8 Ke1 115.
Re8+ Kf1 116. Re3 Nh3 117. Ra3 Ng1+ 118. Ke3 Kg2 119. Ra8 Kf1 120. Rg8 Ne2 121.
Rh8 Ng1 122. Rh2 Ke1 123. Rf2 Nh3 124. Rc2 Kf1 125. Ke4 Nf2+ 126. Kf3 Nd3 127.
Ke3 Ne5 128. Rc5 Nd7 129. Rf5+ Kg2 130. Kd4 Kg3 131. Rf7 Nb6 132. Rb7 1/2-1/2

[Event "Ontario op"]
[Site "Toronto CAN"]
[Date "2022.05.23"]
[Round "5.7"]
[White "Thavandiran, Shiyam"]
[Black "Lin, Leo"]
[Result "1-0"]
[WhiteElo "2474"]
[BlackElo "2160"]
[PlyCount "145"]
[EventDate "2022.05.21"]
[EventType "swiss"]
[EventRounds "6"]
[EventCountry "CAN"]

1. e4 c5 2. Nc3 Nc6 3. g3 g6 4. Bg2 Bg7 5. d3 e6 6. Nge2 Nge7 7. h4 h5 8. Bg5
Qb6 9. O-O O-O 10. Rb1 d6 11. Qd2 Re8 12. a3 Nd4 13. b4 Nec6 14. Kh1 a5 15. b5
Ne5 16. Nxd4 cxd4 17. Na4 Qc7 18. Rfc1 b6 19. c3 dxc3 20. Rxc3 Qb7 21. d4 Nd7
22. Rbc1 Qb8 23. Qd3 e5 24. Be3 exd4 25. Bxd4 Nc5 26. Qd1 Bh6 27. f4 Bg4 28.
Qc2 Qd8 29. Nb2 Rb8 30. Nc4 Qd7 31. Ne3 Bh3 32. Nd5 Bxg2+ 33. Kxg2 Bg7 34. Bxg7
Kxg7 35. Re3 f6 36. Rce1 Rb7 37. Qb2 Qe6 38. Kh2 Kf7 39. f5 Qe5 40. fxg6+ Kg7
41. Qf2 Rf8 42. Qf5 Ne6 43. Nf4 Nxf4 44. gxf4 Qc5 45. Qxc5 bxc5 46. a4 Kxg6 47.
Rd1 Rb6 48. Rd5 Rd8 49. Kg2 Kh6 50. Kf3 Rg8 51. Red3 c4 52. Rc3 Rg4 53. Rxc4
Rxh4 54. Rcd4 Rh3+ 55. Kg2 Ra3 56. Rxd6 Rxd6 57. Rxd6 Rxa4 58. Rxf6+ Kg7 59. e5
Rb4 60. Kg3 Rxb5 61. Ra6 Kf7 62. Kh4 Rb4 63. Rf6+ Ke7 64. Kxh5 a4 65. Kg5 Rc4
66. Ra6 Re4 67. Kf5 Rb4 68. Ra7+ Kf8 69. e6 Ke8 70. Ke5 Rc4 71. f5 Rh4 72. f6
Rh5+ 73. Kd6 1-0

[Event "Ontario op"]
[Site "Toronto CAN"]
[Date "2022.05.23"]
[Round "5.8"]
[White "Talukdar, Rohan"]
[Black "Barron, Michael"]
[Result "1-0"]
[WhiteElo "2454"]
[BlackElo "2234"]
[PlyCount "77"]
[EventDate "2022.05.21"]
[EventType "swiss"]
[EventRounds "6"]
[EventCountry "CAN"]

1. e4 e5 2. Nf3 Nc6 3. Bb5 a6 4. Ba4 Nf6 5. O-O Be7 6. Re1 b5 7. Bb3 O-O 8. d4
d6 9. c3 Bg4 10. Be3 exd4 11. cxd4 Na5 12. Bc2 Nc4 13. Bc1 c5 14. b3 Nb6 15.
Nbd2 cxd4 16. Bb2 Nfd7 17. h3 Be6 18. Nxd4 Bf6 19. f4 Nc5 20. Nc6 Qc7 21. Bxf6
Qxc6 22. Bd4 f6 23. Rc1 Ncd7 24. e5 Qd5 25. Nf3 f5 26. exd6 Qxd6 27. Bxg7 Qxd1
28. Rcxd1 Rfe8 29. Bd4 Nd5 30. Ng5 Rac8 31. Bb1 Nxf4 32. Be3 Ng6 33. Nxe6 Rxe6
34. Rxd7 f4 35. Bxg6 hxg6 36. Bd2 Rxe1+ 37. Bxe1 Rc1 38. Kf2 Rc2+ 39. Rd2 1-0

[Event "Ontario op"]
[Site "Toronto CAN"]
[Date "2022.05.23"]
[Round "5.9"]
[White "Han, Johnathan"]
[Black "Derraugh, Geordie"]
[Result "0-1"]
[WhiteElo "2234"]
[BlackElo "2330"]
[PlyCount "116"]
[EventDate "2022.05.21"]
[EventType "swiss"]
[EventRounds "6"]
[EventCountry "CAN"]

1. e4 c5 2. Nf3 e6 3. d4 cxd4 4. Nxd4 Nc6 5. Nc3 Qc7 6. Be3 a6 7. Be2 Nf6 8.
O-O d6 9. f4 Bd7 10. Bf3 Be7 11. a4 O-O 12. Nb3 b6 13. g4 Rac8 14. g5 Ne8 15.
Bg2 g6 16. Qe2 Nb4 17. Rad1 Qc4 18. Qxc4 Rxc4 19. Rf2 b5 20. axb5 axb5 21. Rdd2
f6 22. Bf1 Rc8 23. h4 fxg5 24. hxg5 Nc7 25. Bc5 dxc5 26. Rxd7 Rfe8 27. Nxb5
Nxb5 28. Bxb5 c4 29. Nd4 e5 30. fxe5 Bxg5 31. Rb7 Re7 32. Bd7 Be3 33. Bxc8 Rxb7
34. Bxb7 Bxd4 35. c3 Bxf2+ 36. Kxf2 Nd3+ 37. Ke3 Nxb2 38. Kd4 Kf8 39. Bd5 h5
40. Ke3 Ke7 41. e6 g5 42. e5 Na4 43. Kd4 Nb6 44. Be4 Kxe6 45. Bg6 h4 46. Ke4
Na4 47. Bf5+ Ke7 48. Kd4 Nb2 49. Ke3 Nd3 50. Ke4 h3 51. Kf3 Nxe5+ 52. Kg3 g4
53. Be4 Kf6 54. Kf4 Ke6 55. Kg3 Kd6 56. Kf4 Kc5 57. Bf5 h2 58. Be4 Nf3 0-1

[Event "Ontario op"]
[Site "Toronto CAN"]
[Date "2022.05.23"]
[Round "5.10"]
[White "Gao, Raymond"]
[Black "Burtasova, Anna"]
[Result "1-0"]
[WhiteElo "2058"]
[BlackElo "2274"]
[PlyCount "61"]
[EventDate "2022.05.21"]
[EventType "swiss"]
[EventRounds "6"]
[EventCountry "CAN"]

1. d4 c5 2. d5 b5 3. e4 a6 4. a4 bxa4 5. Na3 d6 6. Nc4 Nd7 7. Bd2 Bb7 8. Na5
Qc7 9. Rxa4 Nb6 10. Ra3 Nf6 11. Qa1 Nxe4 12. Nxb7 Qxb7 13. Bxa6 Rxa6 14. Rxa6
Nxd2 15. Kxd2 g6 16. b3 Bh6+ 17. Ke2 O-O 18. c4 e6 19. Ra7 Qc8 20. Qa6 Qd8 21.
dxe6 Re8 22. Kf1 Rxe6 23. g3 d5 24. Qb7 Qf6 25. Kg2 dxc4 26. bxc4 Nxc4 27. Ra8+
Bf8 28. Nf3 Re2 29. Rb1 Ne3+ 30. Kg1 Qf5 31. Qb8 1-0

[Event "Ontario op"]
[Site "Toronto CAN"]
[Date "2022.05.23"]
[Round "5.11"]
[White "Li, Yunshan"]
[Black "Siegel, Adam"]
[Result "1/2-1/2"]
[WhiteElo "2262"]
[BlackElo "1858"]
[PlyCount "118"]
[EventDate "2022.05.21"]
[EventType "swiss"]
[EventRounds "6"]
[EventCountry "CAN"]

1. d4 Nf6 2. Bg5 Ne4 3. Bf4 c5 4. c3 Qb6 5. Nd2 Nxd2 6. Qxd2 cxd4 7. Be5 Nc6 8.
Bxd4 Nxd4 9. cxd4 e5 10. a3 exd4 11. Nf3 d3 12. e3 Be7 13. Bxd3 Bf6 14. Rb1 O-O
15. O-O d5 16. b4 Bg4 17. Nd4 Bxd4 18. exd4 Qd6 19. Qg5 Qd7 20. h3 Be6 21. f4
f6 22. Qh5 g6 23. Qf3 Bf5 24. Rbc1 Bxd3 25. Qxd3 Rac8 26. Rxc8 Rxc8 27. f5 Kg7
28. Qf3 Qxf5 29. Qxf5 gxf5 30. Rxf5 Rd8 31. g4 h6 32. Kf2 Kf7 33. h4 Kg6 34.
Kf3 a6 35. Kf4 Rd7 36. a4 b5 37. axb5 axb5 38. Ke3 Rd8 39. Kd3 Rd7 40. Rf2 Ra7
41. Rf5 Rd7 42. Ke3 Re7+ 43. Kf3 Rd7 44. Kf4 Rd8 45. g5 hxg5+ 46. hxg5 fxg5+
47. Rxg5+ Kf6 48. Re5 Rd7 49. Kf3 Rd8 50. Ke3 Rd7 51. Kd2 Rd8 52. Kd3 Kf7 53.
Kc3 Rc8+ 54. Kb3 Rd8 55. Kb2 Kf6 56. Kc3 Rc8+ 57. Kd3 Rd8 58. Ke3 Kf7 59. Kf4
Kf6 1/2-1/2

[Event "Ontario op"]
[Site "Toronto CAN"]
[Date "2022.05.23"]
[Round "5.12"]
[White "Abrahams, Daniel"]
[Black "Teodoro, Eduardo"]
[Result "0-1"]
[WhiteElo "2226"]
[BlackElo "2334"]
[PlyCount "94"]
[EventDate "2022.05.21"]
[EventType "swiss"]
[EventRounds "6"]
[EventCountry "CAN"]

1. c4 Nf6 2. Nf3 c5 3. g3 Nc6 4. d4 cxd4 5. Nxd4 e5 6. Nxc6 bxc6 7. Bg2 Be7 8.
O-O O-O 9. Nc3 Bb7 10. e4 d6 11. Qd3 Qd7 12. Rd1 Rfd8 13. h3 h6 14. Be3 Qe8 15.
Rd2 Nd7 16. Rad1 Nc5 17. Bxc5 dxc5 18. Qe2 Rd4 19. Rf1 Rad8 20. Rdd1 Bf6 21. b3
Bc8 22. Na4 Qe7 23. Kh2 Bg5 24. Nc3 Qc7 25. h4 Bf6 26. Bh3 Qa5 27. Na4 Bxh3 28.
Kxh3 Be7 29. Kg2 R8d6 30. Qg4 Qd8 31. Nc3 g6 32. h5 f5 33. Qe2 f4 34. hxg6 Rxg6
35. Qh5 Qd6 36. Ne2 f3+ 37. Qxf3 Rxd1 38. Nf4 Rxf1 39. Nxg6 Rxf2+ 40. Qxf2 Qxg6
41. Qf3 h5 42. Kh3 Kg7 43. Qd3 Qg4+ 44. Kh2 Kg6 45. Qe3 Qd1 46. Qf2 Qg4 47. Qe3
h4 0-1

[Event "Ontario op"]
[Site "Toronto CAN"]
[Date "2022.05.23"]
[Round "5.13"]
[White "Gavrilin, Roman"]
[Black "Humphreys, Michael"]
[Result "1-0"]
[WhiteElo "2066"]
[BlackElo "2331"]
[PlyCount "69"]
[EventDate "2022.05.21"]
[EventType "swiss"]
[EventRounds "6"]
[EventCountry "CAN"]

1. e4 c6 2. d4 d5 3. Nc3 dxe4 4. Nxe4 Bf5 5. Ng3 Bg6 6. Bc4 e6 7. N1e2 Nf6 8.
h4 h6 9. Nf4 Bh7 10. O-O Bd6 11. Re1 O-O 12. c3 Qc7 13. Qf3 Nbd7 14. Rxe6 fxe6
15. Nxe6 Qc8 16. Nxf8+ Kxf8 17. Nf5 Bxf5 18. Qxf5 Qe8 19. Be6 Ke7 20. Bd2 Kd8
21. Re1 Kc7 22. c4 Rd8 23. c5 Be7 24. Bxd7 Nxd7 25. Qe6 Qg8 26. Bf4+ Kc8 27.
Qxe7 Qd5 28. Qd6 Qxd6 29. Bxd6 Nf6 30. f3 Nd5 31. a3 h5 32. Kf2 Kd7 33. g3 Re8
34. Re4 Re6 35. Re5 1-0

[Event "Ontario op"]
[Site "Toronto CAN"]
[Date "2022.05.23"]
[Round "5.14"]
[White "Pramanik, Projjwal"]
[Black "Malakhovets, Sergey"]
[Result "1/2-1/2"]
[WhiteElo "2071"]
[BlackElo "2198"]
[PlyCount "55"]
[EventDate "2022.05.21"]
[EventType "swiss"]
[EventRounds "6"]
[EventCountry "CAN"]

1. f4 d5 2. e3 Nf6 3. Nf3 Bf5 4. b3 e6 5. Be2 Nbd7 6. O-O c6 7. Nh4 Bd6 8. Nxf5
exf5 9. Bb2 Qe7 10. c4 O-O 11. Nc3 dxc4 12. Bxc4 Ba3 13. Bxa3 Qxa3 14. Qc2 g6
15. Rad1 Rfe8 16. Rf3 Qd6 17. h3 h5 18. Rg3 Kf8 19. Rf3 Nc5 20. b4 Nce4 21. a3
Rad8 22. d3 Nxc3 23. Qxc3 Kg8 24. Bb3 Nd5 25. Qc1 Qf6 26. Bxd5 Rxd5 27. d4 Qe6
28. Rd3 1/2-1/2

[Event "Ontario op"]
[Site "Toronto CAN"]
[Date "2022.05.23"]
[Round "6.1"]
[White "Noritsyn, Nikolay"]
[Black "Ghasi, Ameet K"]
[Result "1-0"]
[WhiteElo "2566"]
[BlackElo "2515"]
[PlyCount "101"]
[EventDate "2022.05.21"]
[EventType "swiss"]
[EventRounds "6"]
[EventCountry "CAN"]

1. e4 d6 2. d4 Nf6 3. Nc3 g6 4. h3 Bg7 5. g4 O-O 6. Bg2 e5 7. Nge2 c6 8. a4 d5
9. exd5 exd4 10. Nxd4 Nxd5 11. Nxd5 cxd5 12. O-O Nc6 13. Be3 a6 14. Ra3 Ne5 15.
Bc1 Bd7 16. f4 Nc6 17. Ne2 Re8 18. f5 Ne5 19. Nf4 d4 20. Bxb7 Ra7 21. Bg2 Bc6
22. Bxc6 Nxc6 23. Nd3 Rc7 24. Bf4 Rc8 25. Qf3 Na5 26. Rf2 Qd7 27. b3 Nc6 28.
Ra1 Re3 29. Qg2 Ne5 30. Rd1 Nxd3 31. cxd3 Ree8 32. Bd2 Rb8 33. Rb1 Re3 34. Bxe3
dxe3 35. Rff1 Qxd3 36. Qf3 g5 37. f6 Bf8 38. Qf5 Qc3 39. Rbc1 Qd4 40. Rc4 Qb6
41. Qxg5+ Kh8 42. Re4 h6 43. Qf4 e2+ 44. Rf2 Rd8 45. Kg2 Rd1 46. Rexe2 Qxb3 47.
Re8 Kg8 48. Qe4 Rb1 49. Re2 Qb4 50. Qxb4 Rxb4 51. Rc2 1-0

[Event "Ontario op"]
[Site "Toronto CAN"]
[Date "2022.05.23"]
[Round "6.2"]
[White "Plotkin, Mark"]
[Black "Jaferian, Koosha"]
[Result "1/2-1/2"]
[WhiteElo "2528"]
[BlackElo "2333"]
[PlyCount "100"]
[EventDate "2022.05.21"]
[EventType "swiss"]
[EventRounds "6"]
[EventCountry "CAN"]

1. e4 c6 2. c4 d5 3. cxd5 cxd5 4. exd5 Nf6 5. Nc3 Nxd5 6. Bc4 Nb6 7. Bb3 Nc6 8.
Nf3 Bf5 9. d4 e6 10. O-O Be7 11. Be3 O-O 12. d5 Nxd5 13. Nxd5 exd5 14. Qxd5
Qxd5 15. Bxd5 Bf6 16. Bxc6 bxc6 17. Bd4 Be4 18. Bxf6 Bxf3 19. gxf3 gxf6 20.
Rac1 Rfb8 21. b3 Rb6 22. Rfd1 Kg7 23. Rc4 Re8 24. Ra4 Rb7 25. Rd6 Re6 26. Rg4+
Kh6 27. Rxe6 fxe6 28. Rd4 Rb6 29. Rd6 c5 30. Rd7 Ra6 31. Rd2 Ra3 32. Kg2 a5 33.
Rd6 Rxa2 34. Rxe6 Kg6 35. Rc6 Rc2 36. Ra6 Ra2 37. Rb6 a4 38. bxa4 Rxa4 39. Rc6
Rc4 40. Kg3 Rc2 41. h4 h5 42. f4 Rc3+ 43. f3 Rc2 44. Rd6 c4 45. Rd5 f5 46. Rd6+
Kg7 47. Rd7+ Kf6 48. Rd6+ Kg7 49. Rd7+ Kf6 50. Rd6+ Kg7 1/2-1/2

[Event "Ontario op"]
[Site "Toronto CAN"]
[Date "2022.05.23"]
[Round "6.3"]
[White "Thavandiran, Shiyam"]
[Black "Preotu, Razvan"]
[Result "1-0"]
[WhiteElo "2474"]
[BlackElo "2629"]
[PlyCount "137"]
[EventDate "2022.05.21"]
[EventType "swiss"]
[EventRounds "6"]
[EventCountry "CAN"]

1. e4 c5 2. Nf3 d6 3. d4 cxd4 4. Nxd4 Nf6 5. Nc3 a6 6. h3 e5 7. Nde2 h5 8. Bg5
Be6 9. Bxf6 Qxf6 10. Nd5 Qd8 11. Qd3 Nd7 12. O-O-O g6 13. h4 Nc5 14. Qa3 Bg7
15. Nec3 O-O 16. f3 f5 17. Be2 b5 18. Kb1 Rb8 19. b4 fxe4 20. Nxe4 Nxe4 21.
fxe4 Rf4 22. Bf3 Rxh4 23. Rhe1 Bxd5 24. Rxd5 Qb6 25. Red1 Bf8 26. Qb3 Kh8 27.
R5d3 Qd8 28. Qe6 Kg7 29. g3 Rh2 30. Rxd6 Bxd6 31. Rxd6 Qe8 32. Qf6+ Kg8 33.
Rxa6 Rb7 34. Re6 Qf8 35. Qxg6+ Rg7 36. Qe8 Rxg3 37. Bxh5 Qxe8 38. Rxe8+ Kg7 39.
Rxe5 Rc3 40. Bd1 Rc4 41. Rxb5 Rh1 42. Rd5 Rxb4+ 43. Kc1 Rxe4 44. Kb2 Rb4+ 45.
Kc3 Rb8 46. a4 Rh4 47. a5 Ra4 48. Be2 Kf6 49. a6 Ke7 50. Bb5 Ra1 51. Rd7+ Ke6
52. Rb7 Rd8 53. Kb4 Kd6 54. c4 Ra8 55. c5+ Kd5 56. Rd7+ Ke6 57. c6 Rb8 58. Rb7
Rf8 59. a7 Ra8 60. Ba4 Rb1+ 61. Kc5 Ra1 62. Bb3+ Ke5 63. c7 Rc8 64. Kc6 Rc1+
65. Kd7 Ra8 66. Rb5+ Kf6 67. Ra5 Kg7 68. Bd5 Rd1 69. c8=Q 1-0

[Event "Ontario op"]
[Site "Toronto CAN"]
[Date "2022.05.23"]
[Round "6.4"]
[White "Ouellet, Maili-Jade"]
[Black "Plotkin, Victor"]
[Result "1-0"]
[WhiteElo "2300"]
[BlackElo "2392"]
[PlyCount "57"]
[EventDate "2022.05.21"]
[EventType "swiss"]
[EventRounds "6"]
[EventCountry "CAN"]

1. d4 Nf6 2. c4 e6 3. Nc3 d5 4. Bg5 c6 5. e3 Nbd7 6. cxd5 exd5 7. Bd3 Be7 8.
Qc2 h6 9. Bh4 Nh5 10. Bxe7 Qxe7 11. Nge2 Nf8 12. O-O-O Bd7 13. Rhe1 Ne6 14. Kb1
Nf6 15. f3 O-O-O 16. Nc1 Kb8 17. Nb3 Rc8 18. Na4 Rc7 19. Rc1 b6 20. Nc3 Re8 21.
g3 Qd8 22. Qd2 Bc8 23. a3 Bb7 24. Na2 c5 25. dxc5 bxc5 26. Bb5 Ree7 27. Na5 Qd6
28. Rc3 Nd7 29. Nc4 1-0

[Event "Ontario op"]
[Site "Toronto CAN"]
[Date "2022.05.23"]
[Round "6.5"]
[White "Gao, Raymond"]
[Black "Chiku-Ratte, Olivier-Kenta"]
[Result "0-1"]
[WhiteElo "2058"]
[BlackElo "2468"]
[PlyCount "116"]
[EventDate "2022.05.21"]
[EventType "swiss"]
[EventRounds "6"]
[EventCountry "CAN"]

1. e4 c5 2. Nf3 e6 3. c3 Nf6 4. e5 Nd5 5. d4 cxd4 6. cxd4 d6 7. a3 Nc6 8. Bd3
Qa5+ 9. Bd2 Qb6 10. Nc3 Be7 11. O-O O-O 12. Bg5 h6 13. Nxd5 exd5 14. Bxe7 Nxe7
15. exd6 Qxd6 16. Ne5 Be6 17. Re1 Rfc8 18. Qh5 Qb6 19. Qh4 Nc6 20. Nxc6 Rxc6
21. Re2 Rac8 22. Qf4 Qc7 23. Qxc7 R8xc7 24. h3 g5 25. Rd1 Kg7 26. Rdd2 Rc1+ 27.
Kh2 Kf6 28. g4 Ra1 29. Rc2 Rxc2 30. Rxc2 Rd1 31. Rc3 Rd2 32. Rb3 Rxf2+ 33. Kg3
Rd2 34. Kf3 b6 35. Ke3 Rh2 36. Bf1 Ke7 37. Kf3 Rc2 38. Bd3 Rd2 39. Kg3 Kd6 40.
Kf3 Bd7 41. Ke3 Rh2 42. Bf1 Ba4 43. Rb4 Bc2 44. a4 f5 45. gxf5 Bxf5 46. a5 bxa5
47. Rb5 Bxh3 48. Be2 Bd7 49. Rxa5 Rh3+ 50. Kf2 Rb3 51. Ra6+ Bc6 52. Kg2 Rxb2
53. Kf1 Rb4 54. Rxa7 Rxd4 55. Rg7 Rf4+ 56. Ke1 Rf6 57. Kd2 Ke5 58. Bd3 Kf4 0-1

[Event "Ontario op"]
[Site "Toronto CAN"]
[Date "2022.05.23"]
[Round "6.6"]
[White "Li, William"]
[Black "Talukdar, Rohan"]
[Result "0-1"]
[WhiteElo "2275"]
[BlackElo "2454"]
[PlyCount "80"]
[EventDate "2022.05.21"]
[EventType "swiss"]
[EventRounds "6"]
[EventCountry "CAN"]

1. d4 Nf6 2. c4 g6 3. f3 d5 4. cxd5 Nxd5 5. e4 Nb6 6. Nc3 Bg7 7. Be3 O-O 8. Qd2
Nc6 9. O-O-O Qd6 10. f4 Bg4 11. Nf3 e6 12. Kb1 Rfd8 13. Qf2 Na5 14. Rc1 Bxf3
15. Qxf3 Nac4 16. e5 Qb4 17. Bxc4 Nxc4 18. Nd1 Rxd4 19. a3 Nxa3+ 20. Ka2 Nc4
21. Qf2 Qa4+ 22. Kb1 Rd3 23. Qc2 Qxc2+ 24. Kxc2 Rxd1 25. Kxd1 Nxe3+ 26. Ke2 Nd5
27. g3 a5 28. Rc4 Bf8 29. h4 Ra6 30. h5 Rb6 31. Rc2 Rb3 32. hxg6 hxg6 33. Kf2
b6 34. Re2 Bc5+ 35. Kg2 Bd4 36. Rb1 a4 37. Re4 c5 38. Re2 a3 39. Ra1 Rxb2 40.
Rxb2 Bxb2 0-1

[Event "Ontario op"]
[Site "Toronto CAN"]
[Date "2022.05.23"]
[Round "6.7"]
[White "Rodrigue-Lemieux, Shawn"]
[Black "Derraugh, Geordie"]
[Result "1/2-1/2"]
[WhiteElo "2512"]
[BlackElo "2330"]
[PlyCount "74"]
[EventDate "2022.05.21"]
[EventType "swiss"]
[EventRounds "6"]
[EventCountry "CAN"]

1. a3 e5 2. c3 Nf6 3. d4 d6 4. g3 Be7 5. Bg2 h6 6. e4 a5 7. Ne2 a4 8. O-O c6 9.
f4 Qb6 10. Kh1 O-O 11. Nd2 Bg4 12. dxe5 dxe5 13. h3 Bxe2 14. Qxe2 exf4 15. gxf4
Qa6 16. Qf3 Rd8 17. e5 Rd3 18. Qf2 Nh5 19. Ne4 Qc4 20. Re1 Qe6 21. Bf1 Rxh3+
22. Bxh3 Qxh3+ 23. Qh2 Qf5 24. Ng3 Nxg3+ 25. Qxg3 Nd7 26. Be3 Nf8 27. Rad1 Ng6
28. Rg1 Qh5+ 29. Qh2 Qf3+ 30. Qg2 Qh5+ 31. Qh2 Qf3+ 32. Qg2 Qxe3 33. f5 Qxe5
34. fxg6 Qh5+ 35. Qh2 Qf3+ 36. Qg2 Qh5+ 37. Qh2 Qf3+ 1/2-1/2

[Event "Ontario op"]
[Site "Toronto CAN"]
[Date "2022.05.23"]
[Round "6.8"]
[White "Demchenko, Svitlana"]
[Black "Sambuev, Bator"]
[Result "1/2-1/2"]
[WhiteElo "2244"]
[BlackElo "2568"]
[PlyCount "131"]
[EventDate "2022.05.21"]
[EventType "swiss"]
[EventRounds "6"]
[EventCountry "CAN"]

1. d4 g6 2. c4 Bg7 3. e4 d6 4. Nc3 e5 5. d5 f5 6. exf5 Bxf5 7. Bd3 Nf6 8. Nge2
O-O 9. Ng3 e4 10. Bc2 Nbd7 11. O-O Ne5 12. Ncxe4 Nxe4 13. Bxe4 Bd7 14. Qe2 Ng4
15. h3 Nxf2 16. Rxf2 Qh4 17. Nf5 gxf5 18. Rf4 Qg3 19. Rf3 Qe5 20. Bd3 Rae8 21.
Qf1 c6 22. Kh1 cxd5 23. Bf4 Qxb2 24. Rb1 Qxa2 25. cxd5 Rf7 26. Rxb7 Rfe7 27.
Rb1 Qa5 28. Bg3 Kh8 29. Bxf5 Qxd5 30. Rd1 Qa5 31. Bxd7 Rxd7 32. Rf7 Rxf7 33.
Qxf7 Rf8 34. Qe7 Qb6 35. Qxd6 Qxd6 36. Rxd6 Kg8 37. Ra6 Bd4 38. Kh2 Bb6 39. Be5
Kf7 40. Kg3 Ke7 41. Bf4 Kd7 42. Kf3 Kc6 43. Ke4 Rd8 44. g4 Kb5 45. Ra2 Rd4+ 46.
Kf5 Rc4 47. Be5 a5 48. h4 Be3 49. Rb2+ Ka6 50. Re2 Bc1 51. Bd6 Kb5 52. Re7 Rc6
53. Be5 Rh6 54. h5 a4 55. Bf4 Bxf4 56. Kxf4 a3 57. Re2 Rf6+ 58. Ke5 Ra6 59. g5
Kc4 60. Re1 a2 61. Ra1 Kb3 62. Kf5 Kb2 63. Rxa2+ Kxa2 64. g6 hxg6+ 65. hxg6
Rxg6 66. Kxg6 1/2-1/2

[Event "Ontario op"]
[Site "Toronto CAN"]
[Date "2022.05.23"]
[Round "6.9"]
[White "Teodoro, Eduardo"]
[Black "Siegel, Adam"]
[Result "1-0"]
[WhiteElo "2334"]
[BlackElo "1858"]
[PlyCount "105"]
[EventDate "2022.05.21"]
[EventType "swiss"]
[EventRounds "6"]
[EventCountry "CAN"]

1. e4 c5 2. Nf3 d6 3. d4 cxd4 4. Nxd4 Nf6 5. Bd3 Nc6 6. Nf3 g6 7. O-O Bg7 8. h3
O-O 9. Re1 d5 10. e5 Ne4 11. Nc3 Nxc3 12. bxc3 Qa5 13. Bd2 Qa4 14. Qb1 a6 15.
Qb3 Qxb3 16. cxb3 Be6 17. Bf4 h6 18. Rad1 Rac8 19. Bf1 Rfd8 20. g4 g5 21. Bc1
Kf8 22. Bg2 Nb8 23. Re3 Rd7 24. Bb2 Nc6 25. Kh2 b5 26. Bf1 d4 27. cxd4 Nb4 28.
a3 Nd5 29. Ree1 Nf4 30. Rc1 Rdc7 31. a4 Rc2 32. Rxc2 Rxc2 33. Bc1 bxa4 34. bxa4
Rxf2+ 35. Kg3 Ra2 36. Bxf4 gxf4+ 37. Kxf4 Rxa4 38. Rb1 f6 39. Ke4 Ra5 40. Rb8+
Kf7 41. Rd8 fxe5 42. d5 Ra4+ 43. Ke3 Bxg4 44. hxg4 Rxg4 45. Bxa6 Rb4 46. Bd3
Bf6 47. Rc8 Rb3 48. Ke4 Ra3 49. Bc4 Kg7 50. Rc7 Kf8 51. d6 exd6 52. Rf7+ Ke8
53. Rxf6 1-0

[Event "Ontario op"]
[Site "Toronto CAN"]
[Date "2022.05.23"]
[Round "6.10"]
[White "Gavrilin, Roman"]
[Black "Li, Yunshan"]
[Result "0-1"]
[WhiteElo "2066"]
[BlackElo "2262"]
[PlyCount "72"]
[EventDate "2022.05.21"]
[EventType "swiss"]
[EventRounds "6"]
[EventCountry "CAN"]

1. e4 e5 2. d4 exd4 3. Qxd4 Nc6 4. Qe3 d6 5. Nc3 Nf6 6. Bd2 g6 7. O-O-O Bg7 8.
Bc4 O-O 9. f3 a6 10. g4 b5 11. Bb3 Na5 12. h4 Nxb3+ 13. axb3 h5 14. gxh5 Nxh5
15. Nd5 Be6 16. Bc3 Bxd5 17. Bxg7 Kxg7 18. Rxd5 Qf6 19. Ne2 a5 20. Rxh5 gxh5
21. Rg1+ Kh7 22. Rg5 Rg8 23. Rxh5+ Kg7 24. Nf4 c6 25. Rf5 Qxh4 26. e5 Kf8 27.
Rh5 Qg3 28. Rh1 Qg5 29. e6 Re8 30. Re1 fxe6 31. Qd4 e5 32. Qxd6+ Kf7 33. Kb1
exf4 34. Rh1 Qf6 35. Qc7+ Re7 36. Qxa5 Qd4 0-1

[Event "Ontario op"]
[Site "Toronto CAN"]
[Date "2022.05.23"]
[Round "6.11"]
[White "Burtasova, Anna"]
[Black "Han, Johnathan"]
[Result "1-0"]
[WhiteElo "2274"]
[BlackElo "2234"]
[PlyCount "187"]
[EventDate "2022.05.21"]
[EventType "swiss"]
[EventRounds "6"]
[EventCountry "CAN"]

1. e4 c5 2. Nf3 d6 3. c3 Nf6 4. Bd3 g6 5. O-O Bg7 6. Bc2 O-O 7. d3 b6 8. Re1
Bb7 9. Nbd2 Nbd7 10. Bb3 Rc8 11. Nf1 a6 12. a4 Qc7 13. Bf4 Rfd8 14. Ne3 e5 15.
Bg5 h6 16. Bh4 Re8 17. h3 b5 18. a5 Bc6 19. Nh2 h5 20. Nf3 Qb7 21. c4 Bh6 22.
Bg5 Bg7 23. Nd5 Bxd5 24. cxd5 Nh7 25. Be3 Rf8 26. Qd2 Qc7 27. Bd1 Qd8 28. g4
hxg4 29. hxg4 f5 30. gxf5 gxf5 31. exf5 Rxf5 32. Kg2 Qe7 33. Rh1 e4 34. dxe4
Qxe4 35. Qc2 Qxd5 36. Be2 Nhf6 37. Rad1 Qe4 38. Qxe4 Nxe4 39. Nh4 Re5 40. Bf4
Ree8 41. Bg4 Rcd8 42. f3 Nef6 43. Rxd6 Nxg4 44. fxg4 Re2+ 45. Kf3 Rxb2 46. Nf5
Rb3+ 47. Kg2 Rb2+ 48. Kg3 Rb3+ 49. Kh4 Kf7 50. Nxg7 Kxg7 51. Kg5 Nf8 52. Be5+
Kf7 53. Rf6+ Ke7 54. Rxa6 Ne6+ 55. Kf5 Rf3+ 56. Kg6 Rg8+ 57. Kh7 Rxg4 58. Ra7+
Ke8 59. Ra8+ Kd7 60. Rd1+ Nd4 61. Rh1 Rf7+ 62. Kh8 Nc6 63. Rd1+ Ke6 64. Rd6+
Kxe5 65. Rxc6 Kd5 66. Rac8 Rc4 67. Rh6 Ra7 68. a6 Kd4 69. Rb8 b4 70. Rb7 Ra8+
71. Kg7 Rc3 72. Rh4+ Kd3 73. Rh3+ Kc4 74. Rh4+ Kb3 75. a7 Rc2 76. Rh3+ Kc4 77.
Kf6 Ra2 78. Rhh7 Ra3 79. Ke5 Ra6 80. Rh4+ Kb3 81. Rh3+ Ka4 82. Rhh7 c4 83. Kd4
c3 84. Rhc7 Kb3 85. Rxc3+ Ka4 86. Rcc7 b3 87. Kc3 b2 88. Rxb2 Ka3 89. Rbb7 Ka2
90. Kc4 Ra3 91. Rg7 Rc8+ 92. Rbc7 Rf8 93. Rg2+ Ka1 94. Kb4 1-0

[Event "Ontario op"]
[Site "Toronto CAN"]
[Date "2022.05.23"]
[Round "6.12"]
[White "Lin, Leo"]
[Black "Huang, Youhe"]
[Result "0-1"]
[WhiteElo "2160"]
[BlackElo "2184"]
[PlyCount "90"]
[EventDate "2022.05.21"]
[EventType "swiss"]
[EventRounds "6"]
[EventCountry "CAN"]

1. e4 e6 2. Nc3 d5 3. Nf3 Nf6 4. e5 Nfd7 5. d4 Be7 6. Be3 b6 7. Ne2 c5 8. c3
Ba6 9. a3 Nc6 10. Qa4 Qc8 11. b4 Bc4 12. Ng3 b5 13. Qc2 Bxf1 14. Nxf1 cxb4 15.
cxb4 Nb6 16. N1d2 a5 17. bxa5 Rxa5 18. O-O O-O 19. Qc3 Qa8 20. Nb3 Ra4 21. Nc5
Bxc5 22. Qxc5 Nc4 23. Rfb1 b4 24. Nd2 Ra5 25. Nxc4 Rxc5 26. Nb6 Qa5 27. dxc5
bxa3 28. Rb3 h6 29. Rbxa3 Qb5 30. Nd7 Rd8 31. Ra8 Qb7 32. Rxd8+ Nxd8 33. Nb6
Nc6 34. f4 Kh7 35. Ra4 Ne7 36. h3 Nf5 37. Bf2 d4 38. Rc4 Qc6 39. Kf1 d3 40. Ke1
Qxg2 41. c6 Qf3 42. Kd2 Qxf2+ 43. Kxd3 Qxb6 44. c7 Qb3+ 45. Rc3 Qd1+ 0-1